000 00965nam a22002777a 4500
001 BR8700710
003 BR-BrBNA
005 20230928092345.0
007 ta
008 230509b bl.||||| |||| 00| 0 por d
040 _aBR-BrBNA
_bpor
_cBiblioteca Nacional de Agricultura
041 _a(Por)
072 _aP07
_b/G514
090 _ P07 BR8700710
110 1 _aInstituto de Planejamento e Economia Agricola de Santa Catarina, Florianopolis (Brasil)
245 1 _aEstimativas de consumo de combustiveis derivados do petroleo na agricultura de Santa Catarina - 1983 [Brasil]
260 3 _aFlorianopolis, SC (Brasil):
_c1983.
300 _a52 p.
500 _aNumerical data. (*) Documento disponível na(o) Instituto de Planejamento e Economia Agricola de Santa Catarina, Florianopolis (Brazil)
650 _aPETROLEO
650 _aCOMBUSTIVEL
650 _aCONSUMO
650 _aSANTA CATARINA
909 _a202309
_bLucia
_c55
_dLucia Elande
942 _cBK
999 _c38551
_d38551